00402nam a2200157Ia 45000010006000000050017000060080041000230410008000640820016000721000024000882450079001122600009001913000028002006500008002286540008002362420620260414151028.0260414t2011||||xx |||||||||||||| ||spa|| aESP a792.07bV21 aValer, CésareAUT 0a¿Cómo enseñar teatro? :bmanual para profesores (método progresivo) c2011 a166 páginas :c20 cm. aABD aCAU